000 00591nam a2200193 i 4500
001 bgj
100 1 _aZGORZELSKI, Andrzej.
245 1 0 _aLectures on British literature :
_ba historical survey course.
_nPart 2 /
_cselection and integration by Andrzej Zgorzelski.
260 _aGdańsk :
_bWydawnictwo Gdańskie,
_c1994.
300 _a114 pp ;
_c21 cm.
504 _aBibliography.
650 9 _aEnglish literature
_xHistory
020 _a8385843248 (pbk)
040 _cBPK
041 0 _aeng
920 _a83-85843-24-8 (pbk)
942 _cKS
008 s uk f |000 0 eng
999 _c48114
_d48114
856 _uhttp://koha.tu.koszalin.pl/cgi-bin/koha/opac-detail.pl?biblionumber=48114
_yKatalog online BPK